Vzťah ekonómie a etiky, ekonomické a etické základy slobodnej spoločnosti
Základné vymedzenie vzťahu ekonomickej teórie a etickej výchovy ako nevyhnutného predpokladu pre správnu aplikáciu sociálnej ekonomiky do praxe. V nadväznosti na synergiu etiky a ekonómie skúma modusy "mať" a "byť", ktoré interpretuje v samostatnom odvetví etiky - hospodárskej etike.
Uložené v:
| Hlavný autor: | |
|---|---|
| Ďalší autori: | |
| Médium: | Kapitola |
| Jazyk: | Slovak |
| Predmet: | |
| Tagy: |
Žiadne tagy, Buďte prvý, kto otaguje tento záznam!
|
MARC
| LEADER | 00000nla a2200000 4500 | ||
|---|---|---|---|
| 001 | 0185113 | ||
| 005 | 20221104123526.4 | ||
| 041 | 0 | |a slo | |
| 044 | |a SK | ||
| 245 | 1 | 0 | |a Vzťah ekonómie a etiky, ekonomické a etické základy slobodnej spoločnosti |c Janka Kyseľová, Ján Zelenák |
| 520 | |a Základné vymedzenie vzťahu ekonomickej teórie a etickej výchovy ako nevyhnutného predpokladu pre správnu aplikáciu sociálnej ekonomiky do praxe. V nadväznosti na synergiu etiky a ekonómie skúma modusy "mať" a "byť", ktoré interpretuje v samostatnom odvetví etiky - hospodárskej etike. | ||
| 610 | 2 | 0 | |a etika |
| 610 | 2 | 0 | |a etika hospodárska |
| 610 | 2 | 0 | |a morálka |
| 610 | 2 | 0 | |a normy etické |
| 610 | 2 | 0 | |a princípy mravné |
| 610 | 2 | 0 | |a smery etické |
| 610 | 2 | 0 | |a ekonómia |
| 100 | 1 | |a Kyseľová, Janka | |
| 700 | 1 | |a Zelenák, Ján | |